00353nam a2200145Ia 4500008004100000020001500041041001200056082001600068100001400084245004200098250000800140260004400148300000800192650000700200221030s9999 xx 000 0 und d a0195120647 aEnglish a105.23bKuo aB. C. Kuo 0aDigital Control systemscby B. C. Kuo a2nd bOxfor University PressaNew Delhic2003 a751 aEE